[Event "Bistro Stella Rapid 2018"]
[Site "Limhamm"]
[Date "2018.12.01"]
[Round "1"]
[White "Hansen, Sune Berg"]
[Black "Hillarp Persson, Tiger"]
[Result "0-1"]
[WhiteElo "2583"]
[BlackElo "2546"]
[Annotator "RC"]
[PlyCount "62"]
[EventDate "2018.12.01"]
[EventType "swiss"]
[EventCountry "SWE"]
[SourceTitle "playchess.com"]
[Source "ChessBase"]
[SourceQuality "1"]
[TimeControl "900+5"]

1. c4 g6 {[%emt 0:00:24]} 2. Nc3 {[%emt 0:00:14]} Bg7 {[%emt 0:00:02]} 3. g3 {[%emt 0:00:12]} c5 {[%emt 0:00:18]} 4. Bg2 {[%emt 0:00:17]} Nc6 {[%emt 0:00:04]} 5. b3 {[%emt 0:00:24]} d6 {[%emt 0:00:26]} 6. Bb2 {[%emt 0:00:14]} Qd7 {[%emt 0:00:12]} 7. d3 {[%emt 0:00:44]} b6 {[%emt 0:00:18]} 8. Qd2 {[%emt 0:00:02]} Bb7 {[%emt 0:00:03]} 9. Nd5 {[%emt 0:00:43]} e5 {[%emt 0:01:36]} 10. e3 {[%emt 0:00:44]} Nge7 {[%emt 0:01:30]} 11. Ne2 {[%emt 0:00:23]} Nxd5 {[%emt 0:00:43]} 12. Bxd5 {[%emt 0:00:29]} Ne7 {[%emt 0:00:44]} 13. Bxb7 {[%emt 0:00:36]} Qxb7 {[%emt 0:00:02]} 14. e4 {[%emt 0:01:05]} f5 {[%emt 0:00:27]} 15. Nc3 {[%emt 0:01:49]} a6 {[%emt 0:00:35]} 16. f3 {[%emt 0:00:35]} b5 {[%emt 0:01:27]} 17. O-O {[%emt 0:00:04]} O-O {[%emt 0:00:05]} 18. Rf2 {[%emt 0:01:25]} b4 {[%emt 0:00:36]} 19. Ne2 {[%emt 0:00:40]} a5 {[%emt 0:01:29]} 20. f4 {[%emt 0:00:13]} a4 {[%emt 0:02:21]} 21. bxa4 {[%emt 0:00:48]} Rxa4 {[%emt 0:00:14]} 22. fxe5 {[%emt 0:00:05]} dxe5 {[%emt 0:00:02]} 23. Qe3 {[%emt 0:01:15]} Qc6 {[%emt 0:00:26]} 24. Nc1 {[%emt 0:00:31]} f4 {[%emt 0:00:37]} 25. gxf4 {[%emt 0:00:25]} exf4 {[%emt 0:00:03]} 26. Qe2 {[%emt 0:00:23]} Bxb2 {[%emt 0:00:30]} 27. Qxb2 {[%emt 0:00:02]} Qd6 {[%emt 0:00:03]} 28. e5 {[%emt 0:00:35]} Qc6 {[%emt 0:00:55]} 29. Nb3 {[%emt 0:00:43]} Raa8 {[%emt 0:00:14]} 30. Raf1 {[%emt 0:00:43]} g5 {[%emt 0:00:04]} 31. Qe2 {[%emt 0:00:13]} Nf5 {[%emt 0:00:18]} 0-1

[Event "Bistro Stella Rapid 2018"]
[Site "Limhamm"]
[Date "2018.12.01"]
[Round "1"]
[White "Westerberg, Jonathan"]
[Black "Semcesen, Daniel"]
[Result "1-0"]
[WhiteElo "2534"]
[BlackElo "2464"]
[Annotator "TA"]
[PlyCount "86"]
[EventDate "2018.12.01"]
[EventType "swiss"]
[EventCountry "SWE"]
[SourceTitle "playchess.com"]
[Source "ChessBase"]
[SourceQuality "1"]

{[%evp 17,86,27,25,27,30,23,30,20,35,16,33,29,21,17,35,39,27,34,39,16,6,0,4,-34,0,-100,-6,-37,-32,-40,-35,-52,0,0,0,-67,-60,-126,-129,-136,-96,-128,-119,-167,-145,-172,-152,-188,-41,-60,-33,-51,-19,-57,-53,-45,-45,-35,100,100,100,100,136,143,144,144,144,144,170,159,165]} 1. d4 d5 2. c4 c6 3. cxd5 cxd5 4. Bg5 (4. Bf4 Nc6 5. e3 Bf5 6. Nc3 e6 7. Bb5 Rc8 8. Nf3 Bb4 9. Qb3 Bxc3+ 10. Qxc3 a6 11. Be2 Nf6 12. Nd2 O-O {½-½ (68) Ivanchuk,V (2714)-Saric,I (2692) Zagreb 2018}) 4... Nf6 5. Bxf6 gxf6 6. Nc3 {D10: Slav Defence: 3 cxd5 (without early Nf3) and 3 Nc3} e6 7. e3 Nc6 8. Nf3 f5 9. Bd3 Bd7 {LiveBook: 4 Games} 10. Rc1 Bd6 11. O-O O-O 12. Na4 b6 13. a3 Rc8 {[#]} 14. Ba6 $146 Rc7 15. Nc3 Nb8 16. Bd3 a6 17. Ne5 Be8 18. Bb1 Nd7 19. f4 Nf6 20. Qf3 Kh8 21. Kh1 (21. Qe2 $11) 21... Rg8 (21... Ne4 $1 $17 22. Qh3 (22. Bxe4 dxe4 23. Qe2 Qc8 $17) 22... Nxc3 23. Rxc3 Rxc3 24. bxc3 f6) 22. Qh3 Ne4 23. Nxe4 dxe4 24. Ba2 b5 (24... Bxe5 $15 25. fxe5 Bb5) 25. Rxc7 $11 Qxc7 26. Qh6 ({Better is} 26. g3 $11) 26... Bf8 $36 {[%mdl 2048] Black is more active.} 27. Qh4 (27. Qf6+ $15 Rg7 28. Qh4 (28. Bxe6 Qd6 $17 {[%mdl 64] Pin})) 27... Be7 $17 28. Qe1 f6 29. Bxe6 {[%mdl 64] Strongly threatening Nf7+. Double Attack} Rf8 $1 30. Bxf5 {Black must now prevent Qh4.} fxe5 31. fxe5 {[#]} Qc4 $1 32. Rf2 {[#]} Bc6 (32... Bh5 $1 $19 33. Rf4 Bg6) 33. g3 $15 Bd5 34. h4 Qb3 35. Kg2 b4 36. axb4 $1 Bxb4 37. Qc1 $1 Qc4 (37... Rg8 $15 {stays ahead.}) 38. Qxc4 $16 {[%mdl 64] Overworked Piece} Bxc4 39. Bxe4 Rb8 40. Rc2 {White is clearly better.} Bg8 41. d5 Re8 42. e6 Bxe6 43. dxe6 Rxe6 {Accuracy: White = 40%, Black = 48%.} 1-0

[Event "Bistro Stella Rapid 2018"]
[Site "Limhamm"]
[Date "2018.12.01"]
[Round "1"]
[White "Tikkanen, Hans"]
[Black "Grandelius, Nils"]
[Result "1/2-1/2"]
[WhiteElo "2519"]
[BlackElo "2678"]
[Annotator "TA"]
[PlyCount "98"]
[EventDate "2018.12.01"]
[EventType "swiss"]
[EventCountry "SWE"]
[SourceTitle "playchess.com"]
[Source "ChessBase"]
[SourceQuality "1"]

{[%evp 13,98,13,37,-32,0,-12,35,32,50,-2,0,0,0,4,12,28,31,35,32,11,57,59,77,54,222,200,392,253,252,117,131,116,134,141,582,125,116,127,178,139,206,213,203,201,200,125,120,119,115,90,89,15,18,14,15,22,60,66,127,114,138,133,138,145,162,134,129,56,67,2,2,6,8,0,0,0,0,0,42,8,8,0,0,-3,0,0,0]} 1. d4 Nf6 2. Nf3 g6 3. e3 Bg7 4. Be2 O-O 5. c4 b6 (5... d6 6. Nc3 Bf5 7. Qb3 b6 8. d5 a5 9. Nd4 Bd7 10. O-O Na6 11. Qd1 Nc5 12. Bf3 Rc8 13. a3 e5 14. dxe6 Nxe6 {0-1 (56) Topalov,V (2747)-Ding,L (2797) Wenzhou 2018}) 6. O-O {E60: King's Indian: Unusual lines and Fianchetto Variation without Nc3} Bb7 7. Nc3 e6 {LiveBook: 17 Games} 8. d5 (8. b4 $14) 8... exd5 9. cxd5 Na6 $146 ({Predecessor:} 9... Re8 10. Rb1 c6 11. Bc4 Na6 12. b4 b5 13. Bb3 Nxb4 {0-1 (49) Tikkanen,H (2559)-Howell,D (2650) Tromsoe 2014}) 10. e4 Nc5 11. Bd3 (11. e5 $14 Nfe4 12. Nxe4 Nxe4 13. Bc4) 11... Re8 {[%cal Rc5e4]} 12. Re1 b5 13. Bg5 h6 14. Bxf6 $1 Qxf6 15. Bxb5 Qb6 16. e5 {Strongly threatening b4.} c6 17. dxc6 dxc6 18. Bc4 $36 {[%mdl 2048] Black is under pressure.} Qxb2 $2 (18... Rad8 $14 19. Qc2 Ba6 20. Bxa6 Qxa6) 19. Na4 $1 $18 {[%cal Ra4b2]} Nxa4 $2 (19... Qa3) 20. Qxa4 Qb6 21. Bxf7+ (21. Rab1 $18 Qc7 22. e6 fxe6 23. Qc2 (23. Bxe6+ Kh7 $16) (23. Rxe6 Rxe6 24. Bxe6+ Kh7 $18)) 21... Kxf7 $16 22. Rab1 Qc7 23. Qb3+ Kf8 $2 {[%mdl 8192] [#]} (23... Re6 $16) 24. Qxb7 $2 (24. Nh4 $1 $18 {[%cal Rh4g6] and the rest is easy.} Bh8 25. Re3 (25. Nxg6+ Kg7 $18)) 24... Qxb7 25. Rxb7 g5 (25... Rab8 $16 {keeps fighting.} 26. Rxa7 Bxe5) 26. Kf1 Re7 {[#]} (26... c5 $16 {was called for.} 27. g4 c4) 27. Rxe7 $1 $18 Kxe7 {[%mdl 4096] Endgame KRB-KRN} 28. Nd4 Bf8 29. Nxc6+ Ke6 30. Nd4+ Kd5 31. Nb5 Rc8 32. Nxa7 (32. f3 $16) 32... Rc2 $1 $11 33. Rd1+ Kxe5 34. a4 Ra2 35. Nc6+ Kf6 ({Black should try} 35... Ke6 $1 $14) 36. a5 $16 Bc5 37. Rd5 Bxf2 38. Nb4 Rb2 39. Nd3 Rd2 40. a6 (40. Rd6+ $16 Ke7 41. Rxh6) 40... Be3 $14 41. Nb4 (41. g4 $14) 41... Rf2+ $11 42. Ke1 {Black must now prevent Rd6+.} Rxg2 43. Rb5 {Hoping for Nd5+.} Ke6 44. Nc6 Kd6 ({But not} 44... Rxh2 $6 45. Re5+ Kd6 46. Rxe3 $16) 45. Na5 {And now Nc4+ would win.} Kd7 46. Rb7+ Ke6 {The position is equal.} 47. Nc6 {aiming for Re7+.} Kd6 ({Don't play} 47... Rxh2 $6 48. Re7+ Kd6 49. Rxe3 $16) 48. a7 Bxa7 49. Nxa7 {Rb6+ is the strong threat.} Rxh2 {Accuracy: White = 40%, Black = 34%.} 1/2-1/2

[Event "Bistro Stella Rapid 2018"]
[Site "Limhamm"]
[Date "2018.12.01"]
[Round "1"]
[White "Hector, Jonny"]
[Black "Brynell, Stellan"]
[Result "1/2-1/2"]
[WhiteElo "2501"]
[BlackElo "2409"]
[Annotator "TA"]
[PlyCount "122"]
[EventDate "2018.12.01"]
[EventType "swiss"]
[EventCountry "SWE"]
[SourceTitle "playchess.com"]
[Source "ChessBase"]
[SourceQuality "1"]

{[%evp 9,122,-17,12,0,0,0,0,0,0,-24,32,-14,8,2,48,43,34,-67,15,-16,-12,-22,-12,-23,41,-14,0,-64,-2,-2,-3,-8,-8,-38,0,-46,-52,-102,-107,-209,-202,-308,-89,-261,-249,-347,-345,-340,-350,-378,-371,-508,-216,-226,-184,-189,-193,-169,-159,-178,-71,-93,-83,-84,-78,-80,-95,-94,-80,-171,-127,-113,0,-7,0,0,0,0,0,0,0,0,0,0,0,0,0,0,0,0,0,0,0,0,0,0,0,0,0,0,0,0,0,0,0,0,0,0,0,0,0,0,0,0,0]} 1. e4 e6 2. d4 d5 3. Nc3 Bb4 4. Qd3 Ne7 5. Bd2 c5 (5... O-O 6. a3 Bxc3 7. Qxc3 dxe4 8. O-O-O Nbc6 9. Ne2 b6 10. Qe3 Qd5 11. Nc3 Qxd4 12. Qg3 Qe5 13. Bf4 Qf5 14. Bxc7 {1-0 (40) Hector,J (2502)-Thybo,J (2473) Ballerup 2018}) 6. exd5 {C15: French: 3 Nc3 Bb4: Unusual White 4th moves} exd5 7. dxc5 O-O $146 ({Predecessor:} 7... Nbc6 8. O-O-O Bxc5 9. Bf4 O-O 10. Nxd5 Nxd5 11. Qxd5 Qxd5 12. Rxd5 Bxf2 13. Rd2 Bc5 14. Nf3 Be6 15. a3 h6 16. Bb5 Rfd8 17. Rxd8+ Rxd8 18. Rd1 {½-½ (18) Grabics,M (2316)-Medic,M (2271) Punat 2003}) 8. O-O-O Bxc5 9. Bg5 f6 ({Better is} 9... Nbc6 $11) 10. Bf4 (10. Be3 $5 {[%cal Re3c5]} Bf5 11. Qb5 Bxe3+ 12. fxe3 $11) 10... Bxf2 11. Qf3 Bxg1 12. Rxg1 {[%cal Rc3d5]} Be6 13. Nb5 (13. Bc4 $14) 13... Na6 (13... Qd7 $15 14. Qe3 Nbc6) 14. Nd4 Bf7 $1 15. Bxa6 bxa6 16. Rge1 Ng6 ({Black should play} 16... Qd7 $11) 17. Bg3 ({White should try} 17. Ne6 $1 $14 Bxe6 18. Rxe6) 17... Qa5 18. Kb1 (18. a3 $11) 18... Rfe8 (18... Rae8 $15) 19. Nf5 $11 Rxe1 20. Bxe1 Qc7 21. Bg3 Qd7 22. c4 {[%cal Rc4d5]} Rd8 23. Ka1 Be6 24. Ne3 (24. Qh5 $17 {keeps fighting.}) 24... d4 $19 25. h3 (25. Qe2 $142) 25... d3 $2 {[#]} (25... Qc8 $19 26. Nc2 Qxc4 {[%mdl 64] Double Attack}) 26. Qf1 $2 (26. Be1 $17) 26... Qd4 27. Bf2 Bxc4 28. Nxc4 Qxc4 29. Bxa7 Ne5 30. Be3 Qe4 (30... Qc2 $142 31. Rc1 {[#]} Nc4 $1 {[%mdl 512]}) 31. Bd2 Qe2 32. Bc3 Qxf1 33. Rxf1 {[%mdl 4096] Endgame KRB-KRN} Nc4 34. Kb1 Ne3 (34... Kf7 $19 35. Re1 d2) 35. Rf2 $17 Nd1 (35... Kf7 {feels hotter.} 36. Kc1 h5 37. g3 Nc4 38. b3 Nd6) 36. Rd2 Nxc3+ 37. bxc3 {KR-KR} Kf7 38. Kc1 Ke6 39. Kd1 (39. Rb2 $17) 39... Ke5 40. Rb2 Ke4 (40... h5 $17 {Hoping for ...Kf4.} 41. Rb7 g5) 41. Kd2 {The position is equal.} Rd5 42. Rb4+ Ke5 43. Rb7 g5 44. Rxh7 Ra5 45. Kxd3 Rxa2 46. g4 Rh2 47. Kc4 a5 48. Kb5 Rc2 49. c4 a4 50. Re7+ Kf4 51. Re6 Kg3 52. Rxf6 Kxh3 53. Ra6 Kxg4 54. c5 Kf3 55. Rxa4 g4 56. c6 g3 57. Ra1 g2 58. Kb6 Kf2 59. c7 g1=Q 60. Rxg1 Kxg1 61. Kb7 Rxc7+ {Accuracy: White = 51%, Black = 41%.} 1/2-1/2

[Event "Bistro Stella Rapid 2018"]
[Site "Limhamm"]
[Date "2018.12.01"]
[Round "2"]
[White "Grandelius, Nils"]
[Black "Hector, Jonny"]
[Result "1-0"]
[WhiteElo "2678"]
[BlackElo "2501"]
[Annotator "TA"]
[PlyCount "215"]
[EventDate "2018.12.01"]
[EventType "swiss"]
[EventCountry "SWE"]
[SourceTitle "playchess.com"]
[Source "ChessBase"]
[SourceQuality "1"]

{[%evp 9,215,27,27,30,22,24,33,36,37,22,25,33,51,56,53,55,75,61,64,58,61,55,59,47,43,46,70,79,89,76,87,87,94,97,104,103,183,174,174,160,152,145,145,124,107,112,115,120,122,93,97,23,22,14,22,15,35,0,37,30,135,41,130,128,125,45,65,26,29,30,144,135,121,49,49,49,49,49,55,47,61,47,55,55,62,62,70,61,70,47,61,47,62,47,86,86,104,47,55,38,54,34,104,104,148,72,80,14,70,14,61,0,21,0,0,0,0,0,14,0,0,0,0,0,0,0,0,0,0,0,0,0,0,0,0,0,144,144,144,144,12831,12831,12831,12831,1348,152,2040,152,12832,12833,12832,12833,12830,993,602,0,2735,1942,12840,12837,12841,12841,12842,12842,12843,12843,12844,12845,12851,12851,12851,27999,12851,27999,12851,27999,12851,12851,12851,12851,12851,29947,12851,29945,12851,29976,12851,29978,12851,29979,12851,29970,12851,29982,12851,29979,12851,29982,12851,29984,12851,29980,12851,12851,12851,27999,12851,29991]} 1. c4 e5 2. d3 Nf6 3. Nf3 Nc6 4. g3 e4 (4... Bb4+ 5. Nbd2 a5 6. Bg2 O-O 7. O-O Re8 8. a3 Bc5 9. b3 d5 10. cxd5 Nxd5 11. Bb2 Bg4 {1-0 (54) Karjakin,S (2782)-Caruana,F (2816) Leuven 2018}) 5. dxe4 Nxe4 6. Bg2 {A20: English Opening: 1...e5} Bc5 7. O-O d6 $146 ({Predecessor:} 7... O-O 8. a3 a5 9. b3 Re8 10. Nbd2 Nf6 11. Bb2 d6 {0-1 (42) Lopes,B-Santos,L (1123) Luso 2016}) 8. Nbd2 {White is slightly better.} Nxd2 9. Bxd2 O-O 10. Bc3 Bb4 11. Bxb4 Nxb4 12. Nd4 {[%cal Bf3d4,Bd4b5,Bb5c3,Bc3d5][%mdl 32]} Rb8 13. Qd2 Na6 14. Rfd1 Nc5 15. b4 Ne6 16. Nb5 a6 17. Nc3 b5 18. Qd3 c5 19. a3 {[%cal Rc4b5]} bxc4 20. Qxc4 cxb4 21. axb4 Qb6 22. Nd5 Qa7 (22... Qd8 $16) 23. b5 $18 Nc5 24. b6 Qd7 25. e4 Qe6 26. e5 Qxe5 27. Re1 Qh5 28. Qf4 Qh6 29. Qxh6 gxh6 30. Rad1 (30. Ne7+ $16 Kg7 31. Nxc8 Rfxc8 32. Reb1) 30... Kg7 $11 31. Rd4 Be6 32. Rb1 a5 33. Ne7 {[%mdl 1024] White has compensation.} a4 34. Nc6 $36 {[%mdl 2048] White fights for an advantage.} Rb7 (34... Bf5 $11 35. Rbb4 Rfe8) 35. Na5 (35. Rxd6 $16 Re8 36. h4) 35... Rd7 (35... Rbb8 $14) 36. Bc6 $16 Rdd8 37. b7 (37. f4 $16) 37... a3 $14 38. Bd5 {Threatens to win with Nc6.} a2 39. Ra1 Rb8 {[#]} (39... Bxd5 $11 40. Rxd5 Rd7) 40. Bxe6 $1 $16 (40. Bxa2 $6 Nxb7 41. Bxe6 fxe6 $14) 40... fxe6 41. Rxa2 (41. Rb4 $16) 41... Nxb7 $14 42. Nxb7 Rxb7 43. Rxd6 $16 {[%mdl 4096] Endgame KRR-KRR} Rf6 44. Kg2 Kf7 45. Rc6 Rd7 46. Rc4 Kg6 47. Re2 Kf7 48. Rg4 Rd5 49. Rb2 Rd7 50. Rc4 Kg7 51. Rc8 Rf8 52. Rc6 Rf6 {[#]} 53. Kh3 (53. Re2 $1 $16) 53... Kf7 54. Rc8 Kg7 55. f4 Rf8 ({Black should try} 55... e5 $14) 56. Rc6 Re8 57. Rb5 (57. Re2 $142) 57... Ree7 58. Rbb6 (58. Re5 $16) 58... Kf7 ({Black should play} 58... e5 $11) 59. Rc8 (59. Rb2 $14) 59... Rd2 60. Rbb8 (60. Rc5 $1 $14) 60... Kf6 61. Rh8 Kg6 62. Rbg8+ Rg7 63. Re8 Kf6 64. Ra8 Rf7 65. Rhe8 Re2 66. Ra6 Rc7 67. Rf8+ Rf7 68. Rxf7+ (68. Rc8 {is interesting.} Rd7 69. Rc5 Rdd2 70. Kg4 Rxh2 71. Rf5+) 68... Kxf7 $11 {KR-KR} 69. Ra7+ Kg6 70. Re7 h5 71. Ra7 h6 72. Ra5 Re1 (72... h4 $1 $11) 73. Kh4 $16 Re2 {[%cal Re2h2]} 74. h3 Rh2 $2 {[%mdl 8192]} (74... Re3 $16 75. Rc5 (75. Rxh5 Rxg3 76. Re5 Ra3 $11) 75... Ra3) 75. Re5 $18 Kf6 76. Rxh5 Kg6 77. Ra5 $2 (77. Re5 $18 {is the precise move to win.} Kf6 78. Re3) 77... Kf6 $2 (77... Rc2 $16 78. Kg4 Rc3) 78. Kg4 $2 (78. Ra3 $18 Kf5 79. Ra4) 78... Kg6 $2 (78... Rc2 $16 79. h4 Rc3) 79. Ra6 Kf7 80. h4 {[%cal Bh3h4,Bh4h5][%mdl 32]} Rg2 81. Ra3 (81. Ra7+ $142 Kg8 82. Ra3) 81... Kg6 82. Ra6 (82. Re3 $142 Kf7 83. Kh5) 82... Kf7 $1 83. Ra7+ Kg6 84. h5+ Kf6 85. Rh7 Re2 86. Rxh6+ Kf7 87. Rg6 e5 88. fxe5 Rxe5 89. Ra6 Kg7 90. Kh4 Rb5 91. g4 {[%cal Bg3g4,Bg4g5][%mdl 32]} Kh7 92. Ra7+ Kg8 93. h6 Kh8 94. g5 Rb6 95. Kh5 (95. Ra5 $18 Kg8 96. Kh5) 95... Rb5 96. Rf7 (96. Re7 $18 Kg8 97. Kg6 Rb6+ 98. Kf5) 96... Ra5 97. Kg6 {[%cal Rf7f8]} Ra6+ 98. Rf6 Ra8 99. Re6 (99. Rf5 $18 Kg8 100. Rd5) 99... Rf8 100. Re7 (100. Kh5 $18 Rf5 101. Kg4 Rf1 102. g6 Rg1+ 103. Kf4 Rf1+ 104. Kg5 Rg1+ 105. Kf4) 100... Ra8 101. Kf7 (101. Kf6 $18 Rf8+ 102. Rf7 Ra8 103. g6 Kg8 104. Re7 Rc8 105. h7+ Kh8 106. Re6 (106. Kf7 Rf8+ 107. Kxf8 $11)) 101... Rf8+ 102. Ke6 Ra8 103. g6 Kg8 104. Rd7 (104. h7+ $18 Kh8 105. Kf6 (105. Kf7 Rf8+ 106. Kxf8 $11) 105... Rf8+ 106. Rf7 Rc8 107. Kg5 Rc5+ 108. Rf5 Rxf5+ 109. Kxf5) 104... Ra6+ 105. Kf5 (105. Rd6 $18 Ra8 106. Kf6 Rb8 107. h7+ Kh8 108. Kg5 Rb5+ 109. Kh6 Rh5+ 110. Kxh5 Kg7 111. Kg5 Kh8 112. Rd8+ Kg7 113. h8=Q#) 105... Ra5+ 106. Ke6 {[%cal Rd7d8]} Ra6+ 107. Rd6 Ra8 108. Ke7 {Accuracy: White = 47%, Black = 33%.} (108. h7+ $18 Kg7 109. Ke7) 1-0

[Event "Bistro Stella Rapid 2018"]
[Site "Limhamm"]
[Date "2018.12.01"]
[Round "2"]
[White "Westerberg, Jonathan"]
[Black "Tikkanen, Hans"]
[Result "1/2-1/2"]
[WhiteElo "2534"]
[BlackElo "2519"]
[Annotator "RC"]
[PlyCount "52"]
[EventDate "2018.12.01"]
[EventType "swiss"]
[EventCountry "SWE"]
[SourceTitle "playchess.com"]
[Source "ChessBase"]
[SourceQuality "1"]
[TimeControl "900+5"]

1. Nf3 {[%emt 0:00:06]} Nf6 {[%emt 0:00:14]} 2. g3 {[%emt 0:00:03]} g6 {[%emt 0:00:00]} 3. Bg2 {[%emt 0:00:01]} Bg7 {[%emt 0:00:01]} 4. O-O {[%emt 0:00:05]} O-O {[%emt 0:00:02]} 5. d4 {[%emt 0:00:02]} d6 {[%emt 0:00:05]} 6. a4 {[%emt 0:00:03]} Nbd7 {[%emt 0:00:15]} 7. a5 {[%emt 0:00:06]} c6 {[%emt 0:00:07]} 8. c4 {[%emt 0:00:50]} e5 {[%emt 0:00:27]} 9. Nc3 {[%emt 0:00:05]} Re8 {[%emt 0:00:17]} 10. e3 {[%emt 0:00:26]} e4 {[%emt 0:00:19]} 11. Nd2 {[%emt 0:00:02]} Qe7 {[%emt 0:00:28]} 12. Ndxe4 {[%emt 0:00:12]} Nxe4 {[%emt 0:00:04]} 13. Nxe4 {[%emt 0:00:04]} f5 {[%emt 0:00:01]} 14. Nc3 {[%emt 0:00:09]} Nf6 {[%emt 0:00:06]} 15. a6 {[%emt 0:00:16]} Qf7 {[%emt 0:00:24]} 16. Qa4 {[%emt 0:00:52]} Ne4 {[%emt 0:00:11]} 17. Nxe4 {[%emt 0:00:09]} fxe4 {[%emt 0:00:01]} 18. Bd2 {[%emt 0:00:04]} Bg4 {[%emt 0:00:25]} 19. axb7 {[%emt 0:01:00]} Qxb7 {[%emt 0:00:02]} 20. Qc2 {[%emt 0:00:02]} Be2 {[%emt 0:01:06]} 21. Rfe1 {[%emt 0:00:20]} Bd3 {[%emt 0:00:02]} 22. Qc3 {[%emt 0:00:20]} Qf7 {[%emt 0:00:49]} 23. Bf1 {[%emt 0:01:32]} Rf8 {[%emt 0:00:27]} 24. Bxd3 {[%emt 0:00:02]} Qxf2+ {[%emt 0:00:02]} 25. Kh1 {[%emt 0:00:01]} Qf3+ {[%emt 0:00:50]} 26. Kg1 {[%emt 0:00:01]} Qf2+ {[%emt 0:00:00]} 1/2-1/2

[Event "Bistro Stella Rapid 2018"]
[Site "Limhamm"]
[Date "2018.12.01"]
[Round "2"]
[White "Semcesen, Daniel"]
[Black "Hillarp Persson, Tiger"]
[Result "*"]
[WhiteElo "2464"]
[BlackElo "2546"]
[Annotator "TA"]
[PlyCount "74"]
[EventDate "2018.12.01"]
[EventType "swiss"]
[EventCountry "SWE"]
[SourceTitle "playchess.com"]
[Source "ChessBase"]
[SourceQuality "1"]

{[%evp 18,74,0,7,22,6,6,19,24,22,22,22,22,18,12,6,22,20,42,42,41,39,43,39,54,50,49,6,7,6,12,7,8,0,0,-18,-18,-43,-43,-43,-43,-62,-61,-54,-12,-46,-12,-46,-12,-29,-12,-12,-11,-11,-8,-8,-10,-10,-6]} 1. d4 d6 2. Nf3 Nf6 3. Bg5 {[%cal Bc1g5,Bg5h4,Bh4g3][%mdl 32]} Nbd7 4. Nbd2 h6 5. Bh4 g5 6. Bg3 Nh5 7. e3 Bg7 8. Bd3 e6 {A46: 1 d4 Nf6 2 Nf3 e6: Torre, London and Colle Systems} 9. c3 Nxg3 (9... f5 10. Qb3 Qe7 11. O-O-O O-O 12. Rde1 c5 13. h3 Nxg3 14. fxg3 d5 15. Qa3 e5 16. dxe5 Nxe5 17. Nxe5 Bxe5 18. g4 fxg4 19. hxg4 Kg7 20. Rxh6 {1-0 (20) Artemiev,V (2696)-Morozevich,A (2665) Sochi 2017}) 10. hxg3 {LiveBook: 12 Games} c5 11. Qe2 a6 12. Ne4 d5 $146 ({Predecessor:} 12... Qc7 13. g4 {0-1 (29) Fittante,G (2020)-De Barberis,M (2103) Turin 2000}) 13. Nd6+ Ke7 14. Nxc8+ Rxc8 15. g4 Qc7 16. g3 Nf6 17. Nd2 b5 18. a3 Rb8 19. Kf1 Ne8 20. Kg2 Nd6 21. dxc5 Qxc5 22. e4 (22. Nb3 $5 {[%cal Rb3c5]} Qc7 23. Nd4 $14) 22... dxe4 23. Nxe4 Nxe4 24. Bxe4 Rhd8 25. Rhd1 a5 26. Rd3 Rxd3 27. Bxd3 b4 28. axb4 axb4 29. Rc1 bxc3 30. bxc3 Rd8 31. Be4 Kf8 32. Rc2 Bf6 33. Qf3 Kg7 34. c4 {The position is equal.} Rb8 35. Bd3 Rb3 36. Qe4 Kf8 37. Ra2 Rb8 {Accuracy: White = 52%, Black = 74%.} *

[Event "Bistro Stella Rapid 2018"]
[Site "Limhamm"]
[Date "2018.12.01"]
[Round "2"]
[White "Brynell, Stellan"]
[Black "Hansen, Sune Berg"]
[Result "0-1"]
[WhiteElo "2409"]
[BlackElo "2583"]
[Annotator "TA"]
[PlyCount "68"]
[EventDate "2018.12.01"]
[EventType "swiss"]
[EventCountry "SWE"]
[SourceTitle "playchess.com"]
[Source "ChessBase"]
[SourceQuality "1"]

{[%evp 16,68,59,66,63,49,56,9,27,0,5,2,33,-18,0,10,32,10,45,25,41,52,46,-136,62,62,74,70,95,79,91,92,115,70,70,0,68,27,31,0,16,-21,-18,-66,0,-304,-297,-281,24,-1167,-1038,-1162,-1023,-1119,-1035]} 1. d4 Nf6 2. c4 c5 3. d5 e5 4. Nc3 d6 5. e4 Be7 6. Nf3 Nbd7 {[%cal Bb8d7,Bd7f8,Bf8g6][%mdl 32]} 7. Bd3 Nf8 8. h3 Ng6 9. g3 {LiveBook: 8 Games. A56: Czech Benoni} h6 (9... a6 10. Qc2 Rb8 11. h4 h5 12. Ng5 Ng4 13. f3 Nh6 14. Bd2 Bd7 15. Rb1 b5 16. cxb5 axb5 {1-0 (48) Cheparinov,I (2709)-Shulman,Y (2563) Reykjavik 2013}) 10. Be3 Bd7 11. Bc2 $146 {White is slightly better.} ({Predecessor:} 11. a3 Qc8 12. Bf1 Bd8 13. Nd2 Ba5 14. Qc2 a6 15. Rb1 Bxc3 16. Qxc3 O-O {1-0 (110) Santos,M (2341)-Rodrigues,T (2153) Sao Bernardo do Campo 2012}) 11... O-O 12. Qd2 a6 13. a4 Rb8 14. a5 (14. Kf1 $14) 14... b5 15. axb6 Rxb6 16. Ra2 Qc7 17. Ba4 Rfb8 18. Bxd7 Qxd7 19. Kf1 $2 {[#]} (19. Qc2 $14 {keeps the upper hand.}) 19... Qb7 $2 (19... Nxe4 $1 $17 {[%mdl 512]} 20. Qc2 (20. Nxe4 Qf5 $17 {[%mdl 64] Double Attack}) 20... Nxc3 21. bxc3 f5) 20. Kg2 $14 Rb3 21. Rha1 Bd8 22. Qd3 Ra8 23. Qc2 Rb6 24. Nd2 Qc8 25. Nf3 ({White should play} 25. Qd1 $14) 25... Rab8 ({Black should try} 25... Qb7 $1 $11) 26. Ne1 Nh7 27. Nd3 Bg5 $1 28. Qd2 f5 29. exf5 Qxf5 30. Rxa6 $2 {[%mdl 8192]} (30. Rf1 $1 $11 {and White stays safe.}) 30... Bxe3 $19 31. Qxe3 {[#] Threatens to win with Rxb6.} Ng5 $2 (31... Rxa6 $1 $19 32. Rxa6 Ng5) 32. h4 $2 {[%mdl 8192]} (32. Rxb6 $11 Qxh3+ 33. Kg1 Rxb6 34. Ne4) 32... Qh3+ {Black is clearly winning.} 33. Kg1 {[#]} Nxh4 $1 {[%csl Gh4][%cal Rh3g2][%mdl 512]} 34. Ne1 {[#]} (34. gxh4 Nf3+) 34... Ngf3+ $1 {[%mdl 512] Accuracy: White = 20%, Black = 37%.} 0-1